<?xml version="1.0" encoding="UTF-8"?>
<collection xmlns="http://www.loc.gov/MARC21/slim">
 <record>
  <leader>00507pamaa2200181   4500</leader>
  <controlfield tag="001">0000025122</controlfield>
  <controlfield tag="005">20090217090000.0</controlfield>
  <datafield tag="020" ind1="0" ind2="0">
   <subfield code="a">0256105677 </subfield>
  </datafield>
  <datafield tag="082" ind1=" " ind2=" ">
   <subfield code="a">658.8342 PET 1993</subfield>
  </datafield>
  <datafield tag="090" ind1="0" ind2="0">
   <subfield code="a">HF5415.3 </subfield>
   <subfield code="b">PET 1993</subfield>
  </datafield>
  <datafield tag="100" ind1="1" ind2="0">
   <subfield code="a">Peter </subfield>
  </datafield>
  <datafield tag="245" ind1="1" ind2="0">
   <subfield code="a">Consumer behavior and marketing strategy  </subfield>
   <subfield code="c">J. Paul Peter and Jerry C. Olson.</subfield>
  </datafield>
  <datafield tag="250" ind1="0" ind2="0">
   <subfield code="a">3rd ed..</subfield>
  </datafield>
  <datafield tag="260" ind1="0" ind2="0">
   <subfield code="a">Illinois: </subfield>
   <subfield code="b">Irwin, </subfield>
   <subfield code="c">1993.</subfield>
  </datafield>
  <datafield tag="300" ind1=" " ind2=" ">
   <subfield code="a">xxvii, 772p.: </subfield>
   <subfield code="b">ill.col.; </subfield>
   <subfield code="c">24cm.</subfield>
  </datafield>
  <datafield tag="650" ind1="0" ind2="0">
   <subfield code="a">Marketing </subfield>
  </datafield>
  <datafield tag="650" ind1="0" ind2="0">
   <subfield code="a">Consumer behavior </subfield>
  </datafield>
  <datafield tag="700" ind1="1" ind2="1">
   <subfield code="a">Olson, </subfield>
   <subfield code="h">Jerry C </subfield>
  </datafield>
 </record>
</collection>
